[Event "GER Seniors Derby 15th"]
[Site "Wesel Undeloh"]
[Date "2016.04.08"]
[Round "6"]
[White "Weiser, Bernd"]
[Black "Stubben, Uwe"]
[Result "1-0"]
[WhiteElo "1144"]
[BlackElo "786"]
[PlyCount "69"]
[EventDate "2016.04.06"]
[EventType "swiss"]
[EventRounds "9"]
[EventCountry "GER"]
[SourceTitle "EXT 2019"]
[Source "ChessBase"]
[SourceDate "2018.10.10"]
[SourceVersion "1"]
[SourceVersionDate "2018.10.10"]
[SourceQuality "1"]

1. e4 e5 2. Bc4 d5 3. exd5 Bc5 4. Nc3 Nd7 5. Nf3 Ngf6 6. h3 0-0 7. 0-0 a6 8. Re1 Re8 9. d4 Bd6 10. Bg5 b5 11. Bb3 Bb7 12. dxe5 Rxe5 13. Nxe5 Nxe5 14. Ne4 Kf8 15. Qd4 Qe7 16. Rad1 h6 17. Bxf6 gxf6 18. f4 Ng6 19. Nxf6 c5 20. Rxe7 cxd4 21. Rxb7 Nxf4 22. Kf1 Kg7 23. Ne4 Be5 24. d6 Rd8 25. Rxf7+ Kg6 26. d7 Rxd7 27. Rxd7 Kf5 28. Ng3+ Kg5 29. Ne2 Kh4 30. Ra7 Kg5 31. Rxa6 Kf5 32. a4 bxa4 33. Bxa4 Ne6 34. b4 Ke4 35. Rxe6 1-0